000 02419cam a2200553 4500
001 J121363
008 000000n2003 000 0 eng u
022 _a0264-6188
035 _a(Sirsi) u121363
041 _aeng
050 _a691.0212
_c18
110 _aUnited Kingdom
_bDepartment of Trade and Industry
245 _aMonthly statistics of building materials and components
260 _aLondon
_bDTI
_c2003
300 _a4
_fpt.
_c30cm.
350 _a111
505 _aConstruction material price indices
505 _aPrice indices of construction materials : monthly
505 _aPrice indices of construction materials : annual averages
505 _aSales of sand and gravel by English regions, Wales and Scotland
505 _aSales of sand and gravel by English and Welsh counties and Scottish regions
505 _aSlate : production, deliveries and stocks
505 _aDeliveries of sand and gravel and ready-mixed concrete
505 _aCement and clinker : production, deliveries and stocks
505 _aDeliveries of bricks, concrete building blocks and cement
505 _aBricks : production, deliveries and stocks for Great Britain
505 _aBricks : production deliveries and stocks by English regions, Wales and Scotland
505 _aConcrete building blocks : production, deliveries and stocks for Great Britain
505 _aConcrete building blocks : production, deliveries and stocks by English regions, Wales and Scotland
505 _aConcrete roofing tiles; fibre cement products; ready-mixed concrete
505 _aComparison of imports and exports
505 _aValue of overseas trade in selected materials and components for constructional use : imports (cif) and export (fob)
520 _aIincludes the latest detailed information on those building materials whose raw material has to be extracted from the ground (see above).
650 _aBRICKS
650 _aBUILT ENVIRONMENT-BUILDING MATERIALS
650 _aBUILT ENVIRONMENT-BUILDING COSTS
650 _aCEMENT
650 _aCLINKER
650 _aCONCRETE BLOCKS
650 _aCONCRETE ROOFING TILES
650 _aCONSTRUCTION STATISTICS
650 _aFIBRE-CEMENT
650 _aGRAVEL
650 _aREADY-MIXED CONCRETE
650 _aSAND
690 _aBUILT ENVIRONMENT-BUILDING MATERIALS
710 _aOffice for National Statistics
_92210
942 _n0
999 _c102659
_d102659